000 00607nam a2200205 i 4500
001 79619
003 ES-MaACL
005 20250824055548.0
007 t|
008 041022s1975 sp |||| | spa d
080 _a821.134.2-23"19"
100 1 _aHernández, Rodolfo.
_962864
245 1 0 _aTal vez un prodigio
_b: obra en dos actos /
_coriginal de Rodolfo Hernández.
260 _a[Madrid :
_bEscelicer,
_c1975]
300 _a87 p. ;
_c16 cm.
490 1 _aColección teatro ;
_v774
830 0 0 _aColección teatro (Escelicer)
_v774
_9183149
852 _aES-MaACL
_jE-8524
999 _c79619
_d79619